Self - Twist - Yearn (Record no. 3942)
[ view plain ]
| 000 -LEADER | |
|---|---|
| fixed length control field | 00394nam a2200157Ia 4500 |
| 008 - FIXED-LENGTH DATA ELEMENTS--GENERAL INFORMATION | |
| fixed length control field | 151213s9999 xx 000 0 und d |
| 020 ## - INTERNATIONAL STANDARD BOOK NUMBER | |
| International Standard Book Number | 1-85573-975-5 |
| 100 ## - MAIN ENTRY--PERSONAL NAME | |
| Personal name | D.E.Henshaw |
| 245 ## - TITLE STATEMENT | |
| Title | Self - Twist - Yearn |
| Statement of responsibility, etc. | D.E.Henshaw |
| 260 ## - PUBLICATION, DISTRIBUTION, ETC. (IMPRINT) | |
| Place of publication, distribution, etc. | England |
| Name of publisher, distributor, etc. | Woodhead Publication Ltd. |
| Date of publication, distribution, etc. | 1971 |
| 300 ## - PHYSICAL DESCRIPTION | |
| Extent | 7404 p. |
| 650 ## - SUBJECT ADDED ENTRY--TOPICAL TERM | |
| Topical term or geographic name as entry element | Textiles |
| 650 ## - SUBJECT ADDED ENTRY--TOPICAL TERM | |
| Topical term or geographic name as entry element | Textiles |
| 700 ## - ADDED ENTRY--PERSONAL NAME | |
| Personal name | D.E.Henshaw |
No items available.
